Dr. Babasaheb Ambedkar / (Record no. 133788)
[ view plain ]
| 000 -LEADER | |
|---|---|
| fixed length control field | 00816nam a22002297a 4500 |
| 005 - DATE AND TIME OF LATEST TRANSACTION | |
| control field | 20181116144608.0 |
| 010 ## - LCCN (DPL NO) | |
| LC control number | B-108210 B-108227 B-108227 |
| 020 ## - INTERNATIONAL STANDARD BOOK NUMBER | |
| Terms of availability | 55.00 |
| International Standard Book Number | 8123738609 |
| 035 ## - SYSTEM CONTROL NUMBER | |
| System control number | B-108210, B-108224, B-108227 B-108227 |
| 037 ## - SOURCE OF ACQUISITION | |
| Source of stock number/acquisition | Cen Lib/Ret |
| 082 ## - DEWEY DECIMAL CLASSIFICATION NUMBER | |
| Classification number | 921 |
| Item number | MOO |
| 100 ## - MAIN ENTRY--PERSONAL NAME | |
| Personal name | MOON, Vasant |
| 245 ## - TITLE STATEMENT | |
| Title | Dr. Babasaheb Ambedkar / |
| Statement of responsibility, etc | by Vasant Moon;translated by Asha Damle |
| 260 ## - PUBLICATION, DISTRIBUTION, ETC. (IMPRINT) | |
| Place of publication, distribution, etc | New Delhi |
| Name of publisher, distributor, etc | National Book Trust |
| Date of publication, distribution, etc | 2002 |
| 270 ## - ADDRESS | |
| City | New Delhi |
| Address | A-5, green park |
| Postal code | 110016 |
| 300 ## - PHYSICAL DESCRIPTION | |
| Extent | 224p. |
| Dimensions | 19m(pbk) |
| 650 ## - SUBJECT ADDED ENTRY--TOPICAL TERM | |
| Topical term or geographic name as entry element | Ambedkar, B. R. -- (Bhimrao Ramji), -- 1891-1956 -- Pictorial works |
| 650 ## - SUBJECT ADDED ENTRY--TOPICAL TERM | |
| Topical term or geographic name as entry element | Statesmen -- India -- Biography -- Pictorial works |
| 700 ## - ADDED ENTRY--PERSONAL NAME | |
| Personal name | Damle, Asha |
| 9 (RLIN) | 73705 |
| 942 ## - ADDED ENTRY ELEMENTS (KOHA) | |
| Source of classification or shelving scheme | Dewey Decimal Classification |
| Item type | English Books |
| Classification part | 921 |
| Call number suffix | MOO |
| Withdrawn status | Lost status | Not for loan | Home library | Current library | Date acquired | Source of acquisition | Cost, normal purchase price | Full call number | Barcode | Copy number | Cost, replacement price | Koha item type | Collection code |
|---|---|---|---|---|---|---|---|---|---|---|---|---|---|
| Central Library | Central Library | 27/07/2015 | Cen Lib/Ret | 55.00 | 921 MOO | B-108210 | 1 | 55.00 | English Books | ||||
| R.C.Libraries (zls) | R.C.Libraries (zls) | 27/10/2018 | 55.00 | 921 MOO | B-108227 | 1 | 55.00 | English Books | Non-fiction | ||||
| Shahdara Branch | Shahdara Branch | 22/05/2018 | BPPD/PUB | 55.00 | 921 MOO | B-108224 | 55.00 | English Books | Non-fiction |
